000 00334 a2200157 4500
001 177401
020 _a
040 _cMagnum
100 _aRibeiro Junior, Joao
240 1 0 _aO que e positivismo
_lpor
245 1 0 _aO que e positivismo
362 0 _a1899
440 1 _aBrasiliense
697 _aMAGNITO: FILOSOFIA
942 _cBK
999 _c177401
_d177401